[Event "Solina Mind Sports U14 op"]
[Site "Solina"]
[Date "2012.04.15"]
[Round "1"]
[White "Drozdowski, Konrad"]
[Black "Choina, Michal"]
[Result "0-1"]
[WhiteElo "1882"]
[BlackElo "1553"]
[PlyCount "126"]
[EventDate "2012.04.15"]
[EventType "swiss"]
[EventRounds "9"]
[EventCountry "POL"]
[SourceTitle "EXT 2014"]
[Source "ChessBase"]
[SourceDate "2013.11.20"]
[SourceVersion "1"]
[SourceVersionDate "2013.11.20"]
[SourceQuality "1"]

1. e4 e6 2. d4 d5 3. Nc3 Bb4 4. Nge2 dxe4 5. a3 Bxc3+ 6. Nxc3 f5 7. f3 exf3 8. Qxf3 Qxd4 9. Be3 Qg4 10. Qf2 a6 11. Be2 Qg6 12. 0-0-0 Nc6 13. Bf3 Bd7 14. Bf4 Nf6 15. Bxc7 0-0 16. Qb6 Rfc8 17. Bd6 Be8 18. Qxb7 Qf7 19. Qxf7+ Bxf7 20. Na4 Nd7 21. Bf4 Ra7 22. Be3 Rb7 23. Rd6 Nde5 24. Nc5 Re7 25. Be2 a5 26. Ba6 Rcc7 27. Rhd1 h6 28. Na4 Rcd7 29. Bb5 Rxd6 30. Rxd6 Be8 31. Nc5 Kf7 32. Bf4 g5 33. Bd2 f4 34. Ne4 Kg6 35. Nc5 Kf5 36. Bc3 h5 37. Rd2 Na7 38. Bxe8 Rxe8 39. Nb7 Nb5 40. a4 Rb8 41. Bxe5 Kxe5 42. Nc5 Kf5 43. axb5 Rxb5 44. Nd7 e5 45. Rd6 e4 46. h3 g4 47. Rf6+ Kg5 48. h4+ Kxh4 49. Rxf4 Kg3 50. Rxe4 Kxg2 51. Nf6 g3 52. Kd2 Kg1 53. Re1+ Kh2 54. Re2+ g2 55. Ne4 Re5 56. Kd3 h4 57. c4 h3 58. c5 Rxe4 59. Kxe4 Kh1 60. Re1+ g1Q 61. Rxg1+ Kxg1 62. c6 h2 63. c7 h1Q+ 0-1